Female-Led Novels Written by Men Quiz Stats

 Plays Quiz Updated Jun 30, 2018

Challenge
Share
Tweet
Embed
Score 0/28 Timer 05:00
0 Plays Today
% Correct
Alice's Adventures in Wonderland
97.4%
Anna Karenina
96.1%
The Girl with the Dragon Tattoo
93.5%
Carrie
91.1%
Breakfast at Tiffany's
90.6%
The Wonderful Wizard of Oz
89.3%
The Scarlet Letter
87.6%
The Silence of the Lambs
86.9%
Matilda
83.5%
Tess of the D'Urbervilles
82.2%
Madame Bovary
82.1%
The Golden Compass
81.7%
The Princess Bride
79.2%
The Fault in Our Stars
78.5%
% Correct
Far from the Madding Crowd
77.2%
Atonement
76%
Bleak House
75.3%
The Book Thief
73.7%
Vanity Fair
72.8%
Coraline
71.4%
Memoirs of a Geisha
67.5%
A Thousand Splendid Suns
65.1%
The Witches of Eastwick
61.5%
Never Let Me Go
57.9%
The Girl Who Saved the King of Sweden
53.1%
Island of the Blue Dolphins
51.8%
The Marriage Plot
49.4%
The Hours
42.9%

You're not logged in!

Compare scores with friends on all Sporcle quizzes.
Join for Free
OR
Log In

You Might Also Like...

Show Comments

Extras

Top Quizzes Today


Score Distribution

Your Account Isn't Verified!

In order to create a playlist on Sporcle, you need to verify the email address you used during registration. Go to your Sporcle Settings to finish the process.

Report this User

Report this user for behavior that violates our Community Guidelines.

Details: